Central Library OPAC University of Rajshahi

The north woods / (Record no. 77747)

MARC details
000 -LEADER
fixed length control field 00774nam a2200241 a 4500
001 - CONTROL NUMBER
control field 77747
003 - CONTROL NUMBER IDENTIFIER
rucl marc code BD-RjUL
005 - DATE AND TIME OF LATEST TRANSACTION
control field 20211209083022.0
008 - FIXED-LENGTH DATA ELEMENTS--GENERAL INFORMATION
fixed length control field 210105s19781972cg ||||| |||| 00| 0 eng d
035 ## - SYSTEM CONTROL NUMBER
System control number (BD-RjUL)77973
040 ## - CATALOGING SOURCE
Original cataloging agency BD-RjUL
Language of cataloging eng
Transcribing agency BD-RjUL
041 ## - LANGUAGE CODE
Language code of text/sound track or separate title eng
082 ## - DEWEY DECIMAL CLASSIFICATION NUMBER
Edition number 19
Classification number 500.971
Author mark and year KNN 1978
100 ## - MAIN ENTRY--PERSONAL NAME
Personal name Percy Knauth; Time-Life Books.
9 (RLIN) 243262
245 ## - TITLE STATEMENT
Title The north woods /
Statement of responsibility, etc. Percy Knauth; Time-Life Books.
260 ## - PUBLICATION, DISTRIBUTION, ETC. (IMPRINT)
Place of publication, distribution, etc. Alexandria, Va. :
Name of publisher, distributor, etc. Time-Life Books,
Date of publication, distribution, etc. ©1972. [1978}
300 ## - PHYSICAL DESCRIPTION
Pagination 184 pages :
Illustrations illustrations (some color) ;
Size 27 cm
490 ## - SERIES STATEMENT
Series statement American wilderness.
650 ## - SUBJECT ADDED ENTRY--TOPICAL TERM
Topical term or geographic name as entry element Natural history
Geographic subdivision Canada.
9 (RLIN) 243263
Topical term or geographic name as entry element Forest ecology
Geographic subdivision Canada.
9 (RLIN) 243264
Topical term or geographic name as entry element Natural history
Geographic subdivision Minnesota.
9 (RLIN) 243265
942 ## - ADDED ENTRY ELEMENTS (KOHA)
Source of classification or shelving scheme Dewey Decimal Classification
Koha item type Books
Holdings
Lost status Source of classification or shelving scheme Damaged status Not for loan Collection code Permanent Location Current Location Shelving location Date acquired Source of acquisition Total Checkouts Full call number Date last seen Copy number Koha item type
  Dewey Decimal Classification   Not For Loan Non-fiction Central Library, University of Rajshahi Central Library, University of Rajshahi Reading Room 02/03/2020 The American Centre Library   500.971 KNN 1978 05/01/2021 C-1 Books